Countries with Colourful Names - Statistics

General Stats
  • This quiz has been taken 39 times
  • The average score is 8 of 10
Answer Stats
Country Colourful Etymology % Correct
Montenegro {Black} Mountain
92%
Cape Verde {Green} Cape
92%
Eritrea Land of the {Red} Sea
92%
Argentina Made of {Silver}
92%
Albania From the latin alba, meaning {White}
86%
Belarus {White} Russia
86%
Aotearoa (New Zealand) Land of The Long {White} Cloud
83%
Kenya {White} Mountain
67%
Mauritania From the greek máuros, meaning {Black}
61%
Mauritius Named after Maurice of Nassau, the Prince of {Orange}
58%
No matching quizzes found
Score Distribution
Percent of People with Each Score
Percentile by Number Answered
Your Score History
You have not taken this quiz